[Event "30 min / Partie"]
[Site "?"]
[Date "2025.12.11"]
[Round "8"]
[White "Phoenix London 1400 Mhz, Mephisto"]
[Black "King Element 300 mhz, Millenium"]
[Result "0-1"]
[Annotator "mpill"]
[WhiteElo "2500"]
[BlackElo "2599"]
[WhiteFideId "-1"]
[BlackFideId "-1"]
[PlyCount "138"]

{[%evp 10,137,28,15,18,18,13,-17,39,-13,51,38,40,43,41,26,25,23,26,20,38,11,3,22,20,15,39,0,0,-23,-31,-131,-102,-90,-23,-148,-39,-158,-47,-285,-87,-340,-242,-458,-513,-497,-508,-562,-512,-501,-496,-511,-506,-508,-499,-475,-442,-430,-429,-455,-407,-547,-513,-611,-650,-679,-557,-625,-622,-612,-558,-647,-614,-669,-578,-715,-669,-1368,-1262,-19949,-2568,-1153,-19944,-1297,-1509,-1020,-986,-3523,-19978,-19981,-19982,-19985,-19990,-19991,-19992,-19993,-19994,-29987,-29988,-29988,-29989,-29989,-29989,-29989,-29990,-29990,-29991,-29991,-29991,-29991,-29991,-29991,-29992,-29992,-29993,-29993,-29993,-29993,-29994,-29994,-29995,-29995,-29996,-29996,-29997,-29997,-29998,-29998,-29999,-29999]} 1. d4 e6 2. c4 Nf6 3. Nf3 c5 4. Nc3 cxd4 5. Nxd4 a6 6. a3 {Buchende} d5 {Buchende} 7. cxd5 Nxd5 8. Nf3 Bd6 (8... Nxc3 $11 9. Qxd8+ Kxd8 10. bxc3 b6) 9. Bg5 (9. Nxd5 $14 exd5 10. Bg5) 9... f6 (9... Nxc3 $1 $11 10. Bxd8 Nxd1 11. Rxd1 Kxd8 12. Rxd6+ Ke7) 10. Nxd5 exd5 11. Bd2 Nc6 12. Qb3 Qe7 13. Qxd5 Be6 {Schwarz hat einen Bauern geopfert} 14. Qe4 O-O 15. e3 {Schwarz muss nun Lc4 beachten.} f5 $1 16. Qc2 Rac8 {[%cal Oc6b4]} 17. Bc3 Ne5 18. Nd4 (18. Nxe5 Bxe5 19. Bd3 Bxc3+ 20. bxc3 Qc5 $11) (18. Be2 $1 $14 {scheint genauer.}) 18... f4 $11 19. Nxe6 Qxe6 20. e4 (20. Qe4 $15) 20... f3 {[%mdl 1024] Schwarz hat starke Kompensation.} 21. g3 Rc6 (21... Rfe8 $17 22. Rd1 Nf7) 22. Qd2 {Schwarz bringt die Sache ungefährdet zu Ende.} (22. h4 $1 $11) 22... Re8 (22... Kh8 $17 23. Qd5 Qc8) 23. Qd4 {[#]} (23. Qd5 $1 $15) 23... Bc7 ({Vorzuziehen ist} 23... Kh8 $1 $17 {Und ...Lc7 würde nun gewinnen.} 24. Rd1 Qc8) 24. Rd1 $2 ({Der einzige Zug:} 24. O-O-O $15) 24... Rd6 $2 (24... Rd8 $19 {und Schwarz behält klar die Oberhand.} 25. Qa4 Rcd6 26. Rxd6 Rxd6) 25. Qa4 {[%mdl 8192]} (25. Qc5 $17 Rxd1+ 26. Kxd1) 25... Rxd1+ 26. Qxd1 $2 (26. Kxd1 b5 27. Qc2) 26... Rd8 $19 27. Qb1 Qb3 {[%cal Oc7b6]} 28. h3 {[#]} Bb6 $1 {[%cal Ob6f2] ( -> ...Lxf2+!)} 29. Qc1 {[#]} Ba5 $1 30. Bxa6 ({Lieber nicht} 30. Bxa5 Nd3+ 31. Kd2 Nxc1+ 32. Bxd8 Ne2) 30... Bxc3+ 31. bxc3 bxa6 32. O-O Rd3 {[%cal Oh7h6]} 33. Qg5 Qe6 {[%cal Oe6h3] ( -> ...Dxh3!)} 34. Kh2 h6 35. Qc1 Qc4 {[%cal Od3d2]} 36. Qb1 Rxc3 {[%cal Oc4e2]} 37. Kg1 Qe6 38. g4 {[#]} Nxg4 $1 39. Qb8+ Rc8 40. Qg3 {[#]} Qc4 $1 {[%cal Oc4f1]} 41. Qf4 {[#]} Rd8 $1 {[%cal Oc4f1] ( -> ...Dxf1+!)} 42. Qc1 Qxe4 {[%cal Og4e3]} 43. Re1 {[#]} Ne3 $1 {( -> ...Dg6+)} 44. Qc7 (44. Qb1 Qh4) 44... Qg6+ 45. Qg3 Qxg3+ 46. fxg3 {[%mdl 4096] Endspiel KTS-KT} Nd1 {( -> ...f2+)} 47. Kf1 f2 48. Re4 Rd3 {[%csl LRa3,LRg3]} 49. Rf4 Rxg3 50. Ke2 Rg1 51. Rxf2 Nxf2 52. Kxf2 {KT-KBB} Ra1 53. a4 Rxa4 {KT-KB. Schwarz setzt Matt.} 54. Ke2 Rh4 55. Kd3 Rxh3+ {KT-K} 56. Kc4 g5 57. Kc5 g4 58. Kd4 g3 59. Ke3 g2+ 60. Kf2 {[#]} Rg3 $1 61. Kxg3 g1=Q+ 62. Kf3 a5 63. Ke4 a4 64. Kd3 a3 65. Kc4 a2 66. Kd5 a1=Q 67. Kd6 Qf6+ 68. Kd7 Qa7+ 69. Kc8 Qf8# {Gewichteter Fehlerwert: Weiß=0.65/Schwarz=0.35  Verlustzug:     	Weiß=2     	---        Gewinn verpasst:   	---       	Schwarz=1     Fehler:       	Weiß=6     	Schwarz=5     Ungenau:       	Weiß=4     	---        OK:         	Weiß=11    	Schwarz=8     Bester:       	Weiß=1     	Schwarz=2     Stark:        	---       	Schwarz=1} 0-1

[Event "30 min / Partie"]
[Site "?"]
[Date "2025.12.13"]
[Round "9"]
[White "King Element 300 mhz, Millenium"]
[Black "Phoenix London 1400 Mhz, Mephisto"]
[Result "1-0"]
[Annotator "mpill"]
[WhiteElo "2599"]
[BlackElo "2500"]
[WhiteFideId "-1"]
[BlackFideId "-1"]
[PlyCount "139"]

{[%evp 16,138,18,20,16,-29,-32,-52,-46,-86,-55,-57,-19,-18,22,0,29,19,73,79,92,100,114,105,106,110,296,279,337,315,342,336,327,327,406,394,392,365,403,402,392,385,497,491,509,507,550,545,550,543,570,546,621,616,613,580,736,736,805,794,783,781,781,651,900,886,863,849,842,807,805,801,782,768,715,678,19981,19969,19970,19970,19971,19970,19968,19969,19970,19961,19986,3401,19984,19983,29987,29988,29988,29987,29987,29988,29985,29986,29986,29987,29987,29988,29988,29989,29989,29990,29990,29991,29991,29992,29992,29993,29993,29994,29994,29995,29995,29996,29996,29997,29997,29998,29998,29999,29999]} 1. c4 e5 2. g3 Nf6 3. Nc3 Bb4 4. Nf3 Nc6 5. Bg2 O-O 6. O-O Re8 {Buchende} 7. d3 {Buchende} d6 8. Bg5 Bxc3 9. bxc3 h6 10. Be3 (10. Bxf6 $142 Qxf6 11. Ne1) 10... Bd7 11. Qb3 b6 {Schwarz steht etwas besser.} 12. Rfd1 (12. Rae1 $15) 12... Ne7 13. a4 Bc6 (13... Rb8 $15) 14. a5 $11 Ng4 (14... Qd7 {verdient Beachtung.}) 15. Bd2 Qd7 16. e4 bxa5 (16... Qc8 $11) 17. Rxa5 $16 Reb8 18. Qa2 f5 19. h3 (19. Rxa7 $2 fxe4 20. c5+ Bd5 21. Rxa8 Rxa8 22. Nxe5 dxe5 $19) 19... Nf6 20. exf5 {Weiß steht aktiver.} (20. Rxa7 $6 Rxa7 (20... fxe4 21. dxe4 Nxe4 22. Rxa8 $15) 21. Qxa7 Ra8 $11) 20... Qxf5 $2 {Danach kann Schwarz die Partie nicht mehr halten.} (20... Nxf5 $16 {kämpft weiter.} 21. d4 (21. Rxa7 $2 Rxa7 22. Qxa7 Ra8 $19 {[%mdl 64] Gefangene Figur}) 21... e4) 21. Nd4 $18 {[%csl Oc6][%mdl 64] [#] Fesselung, Abzugsangriff, Doppelangriff} (21. Rxa7 $2 Bxf3 22. Be3 (22. Bxf3 $2 Qxf3 23. Rf1 Nf5 $19) 22... Rxa7 23. Qxa7 Re8 $19) 21... Qh5 22. g4 (22. Nxc6 $2 {zu gefräßig.} Qxd1+ 23. Kh2 Nxc6 24. Bxc6 Rb1 25. c5+ Kh7 $19) 22... Qe8 23. Nxc6 Nxc6 {[%cal Be7c6,Bc6e5,Be5c4][%mdl 32]} 24. Ra6 e4 25. c5+ Kh8 26. dxe4 Ne5 27. cxd6 cxd6 28. Bf4 Qg8 29. Qxg8+ Nxg8 30. Rdxd6 Rb1+ 31. Kh2 Nc4 32. Rd7 Rf8 33. Bg3 Nf6 34. Rc7 Nd2 35. Raxa7 Ndxe4 36. Bxe4 Nxe4 37. Rxg7 Re8 38. Rh7+ Kg8 39. Bf4 Rb6 40. Rhg7+ Kh8 41. Be3 Rd6 42. Rh7+ Kg8 43. Bd4 Rxd4 44. Rhg7+ Kh8 45. cxd4 Nxf2 {[%mdl 4096] Endspiel KTT-KTS} 46. Rh7+ Kg8 47. Rag7+ Kf8 48. Rb7 Kg8 {Es drohte Th8+} 49. Rxh6 Ne4 50. h4 Rd8 51. Ra6 Kf8 52. Raa7 {Weiss droht h5 und Matt.} Nd6 53. Rh7 {[%cal Rh7h8] Weiß setzt Matt.} Kg8 54. Rag7+ Kf8 55. h5 Ne8 {[#]} 56. h6 $1 {[%cal Rh7h8]} Nxg7 {KTS-KT} 57. Rh8+ {[%mdl 64] Spiess, Zwischenzug} Kf7 58. Rxd8 {KT-KS} Ne6 59. h7 Nxd8 60. h8=Q Nc6 61. d5 Ne7 62. Qh7+ Ke8 63. d6 {[%csl Gd6][%cal Rh7e7]} Nc8 64. d7+ Kd8 65. dxc8=Q+ Kxc8 66. Qe7 Kb8 67. g5 Kc8 68. g6 Kb8 69. g7 Kc8 70. g8=Q# {Gewichteter Fehlerwert: Weiß=0.06 (makellos) /Schwarz=0.43  Verlustzug:     	---       	Schwarz=1     Fehler:       	Weiß=2     	Schwarz=3     Ungenau:       	---       	Schwarz=2     OK:         	Weiß=15    	Schwarz=3     Bester:       	Weiß=2     	---} 1-0

[Event "30 min / Partie"]
[Site "?"]
[Date "2025.12.14"]
[Round "10"]
[White "Phoenix London 1400 Mhz, Mephisto"]
[Black "King Element 300 mhz, Millenium"]
[Result "0-1"]
[Annotator "mpill"]
[WhiteElo "2500"]
[BlackElo "2599"]
[WhiteFideId "-1"]
[BlackFideId "-1"]
[PlyCount "174"]
[GameId "2254969392324697"]

{[%evp 15,173,18,12,18,16,12,51,42,88,40,37,43,95,46,43,43,128,121,140,69,141,56,115,67,95,19,137,35,38,33,34,24,124,52,40,10,64,0,0,0,24,31,55,0,2,0,0,-41,-49,-213,-205,-282,-277,-260,-235,-278,-278,-281,-241,-319,-313,-335,-335,-328,-332,-316,-280,-277,-286,-285,-284,-276,-276,-271,-281,-265,-251,-301,-299,-335,-321,-540,-538,-529,-520,-563,-552,-539,-530,-616,-596,-638,-582,-664,-628,-680,-654,-716,-686,-760,-760,-736,-730,-699,-684,-778,-776,-738,-713,-19979,-19980,-19985,-19986,-19989,-19988,-19991,-19990,-19991,-19993,-19992,-19995,-29976,-19996,-29982,-29983,-29981,-29981,-29984,-29985,-29985,-29986,-29987,-29987,-29989,-29990,-29990,-29991,-29991,-29991,-29991,-29992,-29992,-29992,-29992,-29993,-29993,-29994,-29994,-29994,-29994,-29995,-29995,-29996,-29996,-29997,-29997,-29998,-29998,-29999,-29999]} 1. d4 c6 2. e4 d5 3. Nc3 {[%cal Bb1c3,Bc3e4,Be4g5][%mdl 32]} dxe4 4. Nxe4 Nd7 5. Bc4 Ngf6 6. Ng5 {Buchende} Nd5 7. N1f3 h6 8. Ne4 N7f6 {Buchende} 9. Qe2 Nxe4 10. Qxe4 g6 (10... Be6 $11) 11. Qe5 {Weiß steht etwas besser.} Rh7 (11... Rg8 $14) 12. c3 {Weiß steht aktiver.} (12. h3 $16) 12... Bg7 $14 13. Qe2 Kf8 (13... Bg4 $14) 14. O-O (14. h3 $16) 14... Bg4 15. h3 $36 {[%mdl 2048] Weiss kämpft um Vorteil.} Bf5 (15... Bxf3 $14 16. Qxf3 Bf6) 16. Re1 $16 Qd6 17. Nh4 (17. Ne5 $16) 17... Bd7 (17... Bf6 $1 $14 18. Nxf5 gxf5) 18. Qf3 (18. Nf3 $16) 18... Re8 (18... Bf6 $14 19. Qe4 Rh8) 19. Bd2 (19. Qd1 $16) 19... Kg8 20. Re4 ({Besser ist} 20. Bd3 $16) 20... e5 (20... Bf6 $11) 21. Rae1 (21. dxe5 $16 Bxe5 22. Rae1) 21... f5 $14 {[#]} 22. Rxe5 Bxe5 23. dxe5 Qe6 (23... Rxe5 $11 24. Rxe5 Qxe5) 24. Qd3 (24. Qg3 $16) 24... Qf7 25. Qd4 {[%mdl 1024] Weiss hat Kompensation.} b6 {Schwarz hat schwache schwarze Felder} (25... Be6 $11) 26. Nf3 (26. Bxd5 $1 $14 cxd5 27. Nf3) 26... Be6 $11 27. Be2 Qd7 28. Qa4 b5 29. Qa3 (29. Qc2 $14) 29... Nb6 30. b3 $1 Bd5 31. Bf4 (31. Qc1 $11 {ist überlegen.}) 31... g5 $15 32. Bh2 {Verliert die Partie.} (32. Be3 $15) 32... f4 $19 33. Qc5 Qe7 34. Qd4 Rd8 35. Qb4 Qxb4 36. cxb4 Re7 37. g3 Rf8 38. gxf4 gxf4 39. Bd1 Nd7 40. Kf1 Bxf3 41. Bxf3 Nxe5 42. Re4 Rf6 43. Bh5 {[#]} Ree6 $1 {[%cal Oe5g4] Und jetzt ...Sg4! wäre schön.} 44. Bxf4 Nd3 {[%csl LRe4,LRf4][%mdl 64] Abzugsangriff} 45. Rxe6 Rxe6 {[%mdl 4096] Endspiel KTS-KL} 46. Bd2 {Pariert Te1+.} Rd6 47. f3 Nc1 {[%mdl 64] Hinlenkung} 48. Bxc1 (48. Ke1 Nxa2 49. Ke2) 48... Rd1+ 49. Ke2 Rxc1 {KT-KL} 50. Be8 Kf8 51. Kd2 Ra1 52. Bxc6 Rxa2+ 53. Kd3 Rb2 54. Kc3 Rh2 55. Bd7 h5 56. Kd3 Ke7 57. Bf5 Kf6 58. Bd7 Rf2 59. Bc6 Ke5 60. Ke3 Rb2 61. f4+ Kf6 62. Bxb5 Rxb3+ 63. Kd2 Rxb4 64. Be8 a5 65. Kc3 h4 66. Bc6 Kf5 67. Bf3 Kxf4 68. Bc6 {[#]} Re4 $1 69. Bd7 (69. Kb2 Rd4) 69... Re7 {Schwarz setzt Matt.} 70. Bg4 Rg7 71. Be6 Ke5 72. Ba2 Rg3+ 73. Kc2 Rxh3 74. Kd1 Rh1+ 75. Kc2 Rh2+ 76. Kb3 Rxa2 77. Kxa2 {KB-KB. Schwarz hat zwei Bauern mehr.} h3 78. Kb3 a4+ 79. Kxa4 {KB-K. Schwarz hat einen Mehrbauern.} h2 80. Kb5 h1=Q 81. Kc4 Qc6+ 82. Kd3 Qc1 83. Ke2 Ke4 84. Kf2 Qg5 85. Ke1 Qg2 86. Kd1 Kd3 87. Ke1 Qg1# {Gewichteter Fehlerwert: Weiß=0.44/Schwarz=0.21 (präzise)   Verlustzug:     	Weiß=1     	---        Fehler:       	Weiß=12    	Schwarz=9     Ungenau:       	Weiß=3     	Schwarz=1     OK:         	Weiß=11    	Schwarz=20    Bester:       	---       	Schwarz=5     Stark:        	---       	Schwarz=1     Brilliant:      	Weiß=1     	---} 0-1

[Event "30 min / Partie"]
[Site "?"]
[Date "2025.12.15"]
[Round "11"]
[White "King Element 300 mhz, Millenium"]
[Black "Phoenix London 1400 Mhz, Mephisto"]
[Result "1/2-1/2"]
[Annotator "mpill"]
[WhiteElo "2599"]
[BlackElo "2500"]
[WhiteFideId "-1"]
[BlackFideId "-1"]
[PlyCount "227"]
[GameId "2255407869083672"]

{[%evp 9,227,38,38,46,44,-10,-27,-28,-28,-53,-51,-60,49,32,51,41,28,16,17,12,33,-18,-1,-47,-32,-68,-67,-111,-39,-54,-36,-31,-23,-74,-72,-82,-91,-82,-89,-92,30,22,78,-9,-8,0,0,0,98,83,51,57,135,0,-14,-324,-134,-374,-73,-76,-82,-92,-88,-380,-378,-367,-38,-41,-16,-120,-141,-130,-45,-70,-20,-55,-60,-141,-171,-228,-223,-238,-216,-291,-212,-284,-118,-121,-119,-314,-316,-295,-18,-305,-12,0,0,-3,0,0,0,0,0,0,0,0,0,0,0,0,0,0,0,0,0,0,0,0,0,0,0,0,0,0,0,0,0,0,0,0,0,0,0,0,0,0,0,0,0,0,0,0,0,0,0,0,0,0,0,0,0,0,0,0,0,0,0,0,0,0,0,0,0,0,0,0,0,0,0,0,0,0,0,0,0,0,0,0,0,0,0,0,0,0,0,0,0,0,0,0,0,0,0,0,0,0,0,0,0,0,0,0,0,0,0,0,0,0,0,0,0,0,0,0,0,0,0,0,0,0]} 1. d4 d5 2. Bf4 Nf6 {Buchende} 3. Nc3 {Buchende} Bg4 4. f3 Bh5 5. g4 Bg6 {[%cal Oc7c5]} 6. h4 h6 $1 {[#]} 7. e4 dxe4 $11 8. fxe4 {Schwarz hat minimalen Vorteil.} Nxe4 9. Bg2 Nxc3 10. bxc3 c6 (10... Nd7 $1 $15) 11. Rb1 $14 {[%cal Oh4h5][%mdl 1024] Weiss hat Kompensation.} Qc8 $1 12. Qe2 {Weiß hat einen Bauern geopfert} Nd7 13. Nf3 e6 $1 14. h5 Bh7 15. O-O (15. g5 $14) 15... Be7 $11 16. g5 (16. a4 $11) 16... hxg5 $15 17. Nxg5 (17. Bxg5 $142 Bf6 18. Ne5) 17... Bf5 18. Ne4 (18. Bg3 $15 Nb6 19. Rxf5 exf5 20. Re1) 18... Bxe4 (18... Nf6 $17 19. Nxf6+ gxf6) 19. Bxe4 Nf6 {[%cal Of6e4]} 20. Bf3 Qd7 21. Rb3 (21. Be5 $11) 21... Rc8 $17 22. Rd1 {[%cal Bf1d1,Bd1d4,Bd4h4][%mdl 32]} b6 23. c4 {[%cal Oc4c5]} Bd6 24. Bg5 {[%cal Oc4c5]} c5 (24... Be7 $17 {[%cal Of6h5]} 25. Qe5 Bd6 (25... Nxh5 $2 26. Bxe7 Kxe7 27. Bxh5 $18)) 25. h6 $11 {[%cal Bh5h6,Bh6h7][%mdl 32]} Rg8 (25... Kf8 $11 {hält das Gleichgewicht.}) 26. Kh1 (26. Kf1 $1 $16 {dxc5 soll folgen} cxd4 27. Rxd4 (27. hxg7 Be7 $11)) 26... cxd4 27. Rxd4 e5 28. Bg2 {Lässt Dh3+ nicht zu. Das Läuferpaar ist gut.} Qe7 (28... Qf5 $1 $11 29. Bxf6 Qxf6 30. hxg7 Bc5 (30... Rxg7 $2 31. Rbd3 $19)) 29. h7 $1 $16 {[%csl Oh7] Weiß hat aktiveres Spiel. Schwarz ist schwach auf den weissen Feldern. Weiß hat einen starken Freibauern} Rh8 30. Rh4 Rc5 {[#] Es drohte Ld5} (30... Kf8 $1 $14) 31. Rd3 (31. Bd5 $1 $16) 31... e4 $36 {[%csl Og5][%mdl 2112] Abzugsangriff. Schwarz drückt.} 32. Rd5 {[%mdl 8192]} (32. Rxe4 $11 Rxh7+ 33. Kg1 Qxe4 34. Bxe4 Rxg5+ 35. Bg2+ Re5 36. Qf3 Bc5+ 37. Kf1) 32... Kf8 (32... Rxd5 $19 33. cxd5 Qe5 (33... Rxh7 $2 34. Rxh7 {[%mdl 64] Fesselung} Qe5 35. Rh8+ Ke7 36. Qxe4 $18) 34. Bxf6 Qxf6 35. Qxe4+ (35. Rxe4+ $2 Kd8 $19) 35... Kf8) 33. Bxe4 $2 (33. Rxc5 $17 Bxc5 34. Qd1) 33... Qe6 $2 (33... Rxd5 $19 34. cxd5 Qe5 35. Bxf6 Qxf6) 34. Bxf6 $17 Qxf6 35. Rh3 Rxd5 36. cxd5 $4 {[%mdl 8192]} (36. Bxd5 $17 {ist der einzige Weg für Weiss..} g6 37. Qf3) 36... g6 $19 37. Kg2 Qe5 $2 (37... Kg7 $19 38. Qf3 Qe7 (38... Rxh7 39. Rxh7+ Kxh7 40. Qxf6 Kg8 41. Qxd6 Kg7 42. Qe5+ Kh7 43. d6) 39. Qc3+ Be5) 38. Qe3 $1 $15 f5 39. Qh6+ (39. Bd3 $1 $11) 39... Kf7 40. Bf3 {[#] Gegenspiel Schwarz} Qc3 {Pariert Dd2.} (40... Qd4 $1 $17 41. Qc1 Bc5) 41. Qc1 f4 (41... Ba3 $15 42. Qd1 Bd6) 42. Bg4 {Das Brett brennt.} Qe5 43. c4 (43. Qd2 $1 $15) 43... Kg7 $17 44. Qc3 Qxc3 {[%mdl 64] Ablenkung} 45. Rxc3 Rxh7 $19 {[%mdl 4096] Endspiel KTL-KTL. Schwarz hat einen Mehrbauern.} 46. a4 Kf6 47. a5 Rc7 (47... bxa5 $19 {und Schwarz behält klar die Oberhand.} 48. c5 Rc7) 48. axb6 $17 axb6 49. Be2 $2 (49. Rb3 $17) 49... b5 $19 50. Rc1 Ke5 $2 ({Günstiger ist} 50... b4 $19 51. Ra1 Re7) 51. Re1 $2 {[%mdl 8192]} (51. c5 $1 $11 Bxc5 (51... Rxc5 52. Rxc5 Bxc5 53. Bxb5 $17) (51... b4 52. cxd6 Kxd6 53. Rb1 $11) 52. Bxb5) 51... bxc4 $2 (51... b4 $19 {...Kd4 soll folgen} 52. Bd3+ Kd4 53. Bxg6 Kxc4 (53... Rxc4 $2 54. Rd1+ Kc5 55. Rd3 $19)) 52. Bxc4+ $11 {Die Stellung ist ausgeglichen.} Kd4 53. Re6 {[%csl LRd6,LRg6]} Rxc4 54. Rxd6 {KT-KT. Schwarz hat einen Mehrbauern.} g5 55. Rg6 Kxd5 56. Rxg5+ Ke4 57. Rb5 Rc2+ 58. Kf1 Kf3 {[%cal Rc2c1]} 59. Rb3+ Kg4 60. Ke1 Ra2 61. Kf1 Rd2 62. Ke1 Rh2 63. Kf1 Ra2 64. Kg1 Re2 65. Kf1 Re7 66. Kf2 Ra7 67. Rb2 Rd7 68. Rb3 Rd4 69. Ke2 Ra4 {[%cal Of4f3] ( -> ...f3+!)} 70. Kf2 Ra1 71. Kg2 Ra8 72. Kf2 Ra4 73. Kg2 Rc4 74. Kf2 Rc7 75. Ke2 Rc8 76. Kf2 Ra8 77. Kg2 Ra6 78. Kf2 Ra5 79. Kg2 Rd5 80. Kf2 Rh5 81. Kg2 Rh6 82. Kf2 Ra6 83. Kg2 Ra7 84. Kf2 Rh7 85. Kg2 Rc7 86. Kf2 Rc8 87. Ke2 Rc6 88. Kf2 Rh6 89. Kg2 Rh7 90. Kf2 Rh8 91. Kg2 Re8 92. Kf2 Rd8 93. Ke2 Rd6 94. Kf2 Rd5 95. Rb2 Rc5 96. Rb3 Rc2+ 97. Ke1 Rg2 98. Kf1 Rd2 99. Ke1 Ra2 100. Kf1 Rh2 101. Rb7 f3 102. Rg7+ Kf4 103. Rf7+ Ke3 {[%cal Rh2h1]} 104. Re7+ Kd3 105. Rd7+ Ke4 (105... Ke3 $5 106. Re7+ $8 Kf4 $11) 106. Re7+ Kd4 107. Rd7+ Ke5 (107... Ke3 $5 108. Re7+ $8 Kf4 $11) 108. Re7+ Kf4 109. Rf7+ Kg3 {[%cal Rh2h1]} 110. Rg7+ Kh3 111. Rh7+ Kg3 112. Rg7+ Kh4 113. Rh7+ Kg3 114. Rg7+ {Weiß entkommt ins Remis.   Gewichteter Fehlerwert: Weiß=0.48/Schwarz=0.52  Verlustzug:     	Weiß=5     	---        Gewinn verpasst:   	---       	Schwarz=6     Fehler:       	Weiß=10    	Schwarz=8     Ungenau:       	Weiß=3     	---        OK:         	Weiß=25    	Schwarz=23    Bester:       	Weiß=2     	Schwarz=9     Stark:        	Weiß=2     	Schwarz=3} 1/2-1/2

[Event "30 min / Partie"]
[Site "?"]
[Date "2025.12.17"]
[Round "12"]
[White "Phoenix London 1400 Mhz, Mephisto"]
[Black "King Element 300 mhz, Millenium"]
[Result "0-1"]
[Annotator "mpill"]
[WhiteElo "2500"]
[BlackElo "2599"]
[WhiteFideId "-1"]
[BlackFideId "-1"]
[PlyCount "188"]
[GameId "2256117962457099"]

{[%evp 15,187,34,42,38,41,39,40,27,30,22,63,53,56,50,70,74,77,77,91,84,99,100,98,80,69,61,52,58,53,28,39,21,22,0,0,0,0,0,0,-14,-13,-5,-2,-12,-8,-37,-36,-66,-33,-87,-83,-138,-21,-20,-16,-19,-13,-18,-14,-35,-34,-37,-38,-47,-29,-53,-8,-134,-9,-13,-15,-64,-43,-218,-207,-320,-311,-361,-425,-410,-328,-409,-381,-378,-326,-508,-516,-478,-570,-660,-355,-352,-361,-358,-336,-366,-355,-344,-351,-341,-342,-336,-332,-312,-320,-485,-469,-442,-447,-441,-445,-471,-465,-462,-452,-460,-463,-473,-455,-460,-434,-516,-509,-622,-676,-584,-581,-921,-1002,-19979,-19978,-19979,-19968,-19987,-19977,-19973,-19978,-19977,-19975,-19979,-19983,-19984,-19984,-19986,-19987,-19991,-19992,-19993,-19994,-29988,-29989,-29989,-29990,-29989,-29988,-29988,-29989,-29989,-29991,-29991,-29992,-29993,-29994,-29994,-29995,-29995,-29996,-29996,-29997,-29997,-29998,-29998,-29999,-29999]} 1. d4 e6 2. c4 Nf6 3. Nf3 Bb4+ 4. Bd2 c5 5. Bxb4 cxb4 6. g3 b6 7. Bg2 Bb7 8. O-O O-O 9. Qd3 {Buchende} a5 10. Nbd2 d6 {Buchende} 11. a3 {Weiß steht etwas besser.} bxa3 12. bxa3 a4 (12... Nbd7 $11 {sieht stärker aus.}) 13. Qc2 Qc7 14. Rab1 e5 15. e3 Re8 16. Rb4 Na6 17. Rb5 (17. Rxa4 $2 b5 18. Rxa6 (18. dxe5 $2 dxe5 19. Rb4 Nxb4 $17) 18... Rxa6 19. dxe5 dxe5 $17) 17... Bc6 18. Rb2 Rab8 19. Rfb1 exd4 20. Nxd4 Bxg2 21. Kxg2 Nc5 22. N2f3 d5 23. cxd5 Nxd5 {[%cal Oe8e3]} 24. Ng5 g6 {[%cal Oe8e3]} 25. Qc4 Rbd8 {[%cal Oe8e3,Bb8d8,Bd8c8,Bc8c5][%mdl 32]} 26. Kg1 Qd7 27. Rd2 h6 28. Ngf3 Ne4 29. Rc2 Rc8 30. Qd3 Rc5 31. Rc4 Kg7 32. Rbc1 (32. Rc2 $15) 32... Ndf6 $17 33. Nd2 (33. R4c2 $142) 33... Nxd2 (33... Nxf2 $1 $17 34. Kxf2 Ng4+ 35. Kg1 Rxe3 36. Nf5+ Qxf5 (36... gxf5 $2 37. Qxd7 Ne5 38. Qxf5 $18) 37. Qxf5 gxf5 38. Rxc5 bxc5) 34. Qxd2 $11 Rec8 35. Rxc5 bxc5 36. Qc3 Kg8 37. Qc4 Ne4 38. Nf3 Re8 39. Ne1 Qf5 40. Qc2 {[%cal Of2f3] [#]} c4 {[%csl Oc4] Schwarz hat einen starken Freibauern} 41. Kg2 {[#]} (41. Rd1 $11) 41... Re6 (41... Rb8 $1 $17 {...c3 ist eine echte Drohung.} 42. f3 Nd6 43. Qxa4 Qg5) 42. Rd1 Qb5 43. Rb1 {Verhindert c3} (43. Nf3 $11 Qb3 44. Rc1) 43... Qd5 {Schwarz steht deutlich aktiver.} 44. Kg1 $2 {[#] Verliert die Partie.} (44. f3 $15 Nd6 45. e4) 44... Rf6 $1 $19 45. f4 (45. Rd1 Qc6 46. f3) 45... Rd6 46. Qxa4 Rd8 {Gegen De8+ gerichtet.} 47. Qb4 {Verhindert Sc3} c3 {[%cal Oc3c2]} 48. Ra1 Qc6 49. Rc1 Rd2 50. Qb8+ Kg7 {( -> ...Sf2)} 51. Qe5+ Kh7 52. Qe7 Kg8 53. Rb1 c2 54. Rb8+ Kg7 55. Qf8+ Kf6 56. Qh8+ Kf5 57. h3 {[%csl Gf4][%cal Rh8e5] [#]} Rg2+ $3 {[%mdl 576] Umwandlung} 58. Nxg2 {[%csl Gf4][%cal Rh8e5]} c1=Q+ 59. Kh2 Nf6 60. Qxh6 (60. Rb4 {war nötig.} Q1c5 (60... Qxa3 $2 61. e4+ Ke6 62. Qf8 $19) 61. e4+ Ke6 62. e5) 60... Qd2 {[%csl Gc6][%cal Rd2g2]} 61. Qg5+ Ke6 {[%csl Gc6][%cal Rd2g2]} 62. Qe5+ Kd7 {[%csl Gc6][%cal Rd2g2]} 63. e4 Qxe4 {[%csl Ge4][%cal Rd2g2]} 64. Qb5+ Ke7 {[%csl Ge4][%cal Rd2g2]} 65. Qc5+ Qd6 66. Qc8 {[%cal Of4f5] Gegen Sg4+ gerichtet.} Qec6 67. Qf8+ Ke6 68. Rc8 Qb6 69. f5+ gxf5 70. Qxd6+ Kxd6 71. Rc3 Qf2 72. Rb3 Nd5 73. Kh1 Kc5 74. a4 Kc4 75. Rb1 Qxg3 76. Rc1+ Kb4 77. Rb1+ Kxa4 {[%cal Of5f4] ( -> ...f4!)} 78. Ra1+ Kb5 79. Rb1+ Kc5 80. h4 Qh3+ 81. Kg1 Ne3 82. Nxe3 Qxe3+ {KD-KT. Schwarz setzt Matt.} 83. Kh2 f4 84. Rg1 Qf2+ 85. Rg2 Qxh4+ 86. Kg1 Qe1+ 87. Kh2 f3 88. Ra2 f2 89. Rc2+ Kd4 90. Rxf2 Qxf2+ 91. Kh1 Qe2 92. Kg1 Ke3 93. Kh1 Kf3 94. Kg1 Qg2# {Hübsch gemacht von King Element 300 Mhz.   Gewichteter Fehlerwert: Weiß=0.32/Schwarz=0.22 (präzise)   Verlustzug:     	Weiß=1     	---        Fehler:       	Weiß=6     	Schwarz=4     Ungenau:       	Weiß=2     	Schwarz=2     OK:         	Weiß=23    	Schwarz=28    Bester:       	Weiß=4     	Schwarz=11} 0-1